<?xml version="1.0" encoding="UTF-8"?>
<marc:record xmlns:marc="http://www.loc.gov/MARC21/slim">
   <marc:leader>00000nam a2200000 a 4500</marc:leader>
   <marc:datafield ind1="0" ind2="0" tag="245">
      <marc:subfield code="a">Welt der Abenteuer</marc:subfield>
   </marc:datafield>
   <marc:datafield ind1="0" ind2="0" tag="245">
      <marc:subfield code="b">erlebt vier spannende Abenteuer auf eurer Reise rund um die Welt ; Spielesammlung</marc:subfield>
   </marc:datafield>
   <marc:datafield ind1=" " ind2="1" tag="264">
      <marc:subfield code="b">Haba</marc:subfield>
   </marc:datafield>
   <marc:datafield ind1="1" ind2=" " tag="520">
      <marc:subfield code="a">Aufregende Expeditionen durch den Dschungel, die Antarktis, über gefährliche Schluchten und vorbei an brodelnden Vulkanen:
Wer erreicht als Erster das sichere Lager?
Eine abwechslungsreiche Spielesammlung mit vier Spielplänen für 2 bis 4 Spieler .
Dieses Spiel fördert:
Farben erkennen und benennen
Gedächtnis
Feinmotorik
Reaktionsvermögen
</marc:subfield>
   </marc:datafield>
</marc:record>
